Opciones tecnológicas para un desarrollo sostenible en el sector turismo en torno a la demanda de agua y energía eléctrica
Na minha lista:
| Autor principal: | |
|---|---|
| Formato: | Livro |
| Publicado em: |
San José, C.R.
1996
|
| Assuntos: | |
| Tags: |
Adicionar Tag
Sem tags, seja o primeiro a adicionar uma tag!
|
MARC
| LEADER | 00000nam a2200000Ia 4500 | ||
|---|---|---|---|
| 003 | 008083 | ||
| 005 | 20221231144234.0 | ||
| 008 | 140114s1996 cr a m 000 ||s d | ||
| 040 | |c cru CEDI | ||
| 090 | |a TFG 3571 | ||
| 100 | |a Paniagua López, Claudia |9 9650 | ||
| 245 | |a Opciones tecnológicas para un desarrollo sostenible en el sector turismo en torno a la demanda de agua y energía eléctrica | ||
| 260 | |c 1996 |a San José, C.R. | ||
| 300 | |a x, [180] hojas | ||
| 500 | |a Proyecto de graduación (licenciatura en ingeniería civil)--Universidad de Costa Rica. Facultad de Ingeniería. Escuela de Ingeniería Civil | ||
| 650 | |x DESARROLLO SOSTENIBLE - COSTA RICA |x TURISMO - COSTA RICA |x AGUA POTABLE - COSTA RICA |x ENERGIA ELECTRICA - COSTA RICA |9 9651 | ||
| 942 | |c TFG | ||
| 999 | |c 18905 |d 18905 | ||
